| 000 | 00985nam a2200277 i 4500 | ||
|---|---|---|---|
| 001 | bg | ||
| 100 | 1 | _aLOCK, Dennis | |
| 245 | 1 | 0 |
_aPodstawy zarządzania projektami / _cDennis Lock ; przekł. Mariola Ciszewska, Mirosław Sosnowski. |
| 246 |
_iTyt. oryg.: _aThe essentials of project management |
||
| 260 |
_aWarszawa : _bPolskie Wydawnictwa Ekonomiczne, _c2003. |
||
| 300 |
_a264 s. ; _c21 cm. |
||
| 500 | _aTyt. oryg.: "The essentials of project management", 2nd. ed., 2001. | ||
| 504 | _aBibliogr., indeks. | ||
| 650 | 9 |
_aPrzedsiębiorstwo _xorganizacja |
|
| 650 | 9 |
_aZarządzanie _xzagadnienia |
|
| 700 | 1 |
_aCISZESKA, Mariola. _eTł. |
|
| 700 | 1 |
_aSOSNOWSKI, Mirosław. _eTł. |
|
| 020 | _a8320814456 | ||
| 040 | _cBPK | ||
| 041 | 1 |
_apol _heng |
|
| 080 | _a658.1/.5.012.4 | ||
| 920 | _a83-208-1445-6 | ||
| 942 | _cKS | ||
| 008 | s pl f |000 0 pol | ||
| 999 |
_c42814 _d42814 |
||
| 856 |
_uhttp://koha.tu.koszalin.pl/cgi-bin/koha/opac-detail.pl?biblionumber=42814 _yKatalog online BPK |
||